Информационное письмо управляющего Генеральным консульством СССР в Данциге М. Е. Коптелова в Консульский отдел НКИД СССР о посту...

RUSMARC
00005135cbm0a2200325#x 450
001b0aaa0e0-2730-4d81-ac0c-abcc6f847d90
00520210615160957.0
100##$a20210526j19400223k###0rusy50 ca
1010#$arus
102##$aDE
1220#$ad19400223##
2001#$aИнформационное письмо управляющего Генеральным консульством СССР в Данциге М. Е. Коптелова в Консульский отдел НКИД СССР о поступающих письменных обращениях с ходатайством о переселении из зоны государственных интересов Германии на территорию СССР
$j23 февраля 1940 г.
251##$cДокумент
300##$aПодлинник
461#0$12001
$aФ. 082
$1251
$cФонд
$1852
$j082
462#0$12001
$aОп. 23. П. 103
$1251
$cОпись
$1852
$j23. П. 103
462#0$12001
$aД. 50
$vЛ. 28-29
$1251
$cДело
$1852
$j50
605##$2prlib_sh
$3LIBNET\UAF\0000088514
$aВторая мировая война в архивных документах (Комплекс оцифрованных архивных документов, кино- и фотоматериалов)
$lколлекция
6061#$2prlib_sh
$3LIBNET\UAF\0000095857
$aЕвреи
$xЭмиграция
$yГермания
$z1940
$jДокументы и материалы
6061#$2prlib_sh
$3LIBNET\UAF\0000095858
$aЕвреи
$xИммиграция
$yСССР
$z1940
$jДокументы и материалы
607##$2prlib_sh
$3LIBNET\UAF\0000093303
$aСССР
$xПереселенческая политика
$z1940
$jДокументы и материалы
617##$2prlib_sh
$aГермания
$f1940
686##$a63.3(2)621-284.6ю11
$vLBC/M
$2rubbk
686##$a63.3(4Гем)62-6
$vLBC/M
$2rubbk
801#0$aRU
$bПБ им. Б.Н. Ельцина
$c20210526
801#1$aRU
$bПБ им. Б.Н. Ельцина
$c20210526
$2rusmarc
801#2$aRU
$bПБ им. Б.Н. Ельцина
$c20210615
$2rusmarc
850##$aАрхив внешней политики Российской Федерации
852##$aАВП РФ
$jЛ. 28-29
8564#$nПБ им. Б.Н. Ельцина
$uhttp://readingroom.main.prlib.ru/item.aspx?id_node=n165217378&mode=full
035##$aLIBNET\0001156499
937##$d165217378
$hФедеральное архивное агентство
Формат отображения